[Event "Villarobledo Online Qualifyer"]
[Site "playchess.com #155672"]
[Date "2009.05.23"]
[Round "1"]
[White "MandM"]
[Black "Thenaar"]
[Result "1-0"]
[WhiteElo "1486"]
[BlackElo "2144"]
[PlyCount "25"]
[EventDate "2009.05.23"]
[EventType "swiss (blitz)"]
[TimeControl "180+2"]

1. e4 {[%emt 0:00:03]} Nc6 {[%emt 0:00:01]} 2. Nf3 {[%emt 0:00:01]} f5 {[%emt
0:00:19]} 3. e5 {[%emt 0:00:03]} d6 {[%emt 0:01:10]} 4. d4 {[%emt 0:00:06]}
dxe5 {[%emt 0:00:21]} 5. dxe5 {[%emt 0:00:11]} Qxd1+ {[%emt 0:00:07]} 6. Kxd1 {
[%emt 0:00:00]} Be6 {[%emt 0:00:08]} 7. Nc3 {[%emt 0:00:03]} O-O-O+ {[%emt 0:
00:06]} 8. Bd2 {[%emt 0:00:01]} h6 {[%emt 0:00:03]} 9. Bb5 {[%emt 0:00:03]} g5
{[%emt 0:00:03]} 10. Ke2 {[%emt 0:00:06]} a6 {[%emt 0:00:03]} 11. Bxc6 {[%emt
0:00:02]} Bc4+ {[%emt 0:00:01]} 12. Ke3 {[%emt 0:00:07]} bxc6 {[%emt 0:00:00]}
13. b3 {[%emt 0:00:03] White restart ok. Tempo} 1-0

[Event "Villarobledo Online Qualifyer"]
[Site "playchess.com #155672"]
[Date "2009.05.23"]
[Round "1"]
[White "Miras"]
[Black "Us6"]
[Result "0-1"]
[WhiteElo "1777"]
[BlackElo "2600"]
[PlyCount "42"]
[EventDate "2009.05.23"]
[EventType "swiss (blitz)"]

1. e4 {[%emt 0:00:02]} c5 {[%emt 0:00:01]} 2. Nf3 {[%emt 0:00:01]} d6 {[%emt 0:
00:06]} 3. d4 {[%emt 0:00:03]} cxd4 {[%emt 0:00:00]} 4. Nxd4 {[%emt 0:00:00]}
Nf6 {[%emt 0:00:01]} 5. Nc3 {[%emt 0:00:00]} a6 {[%emt 0:00:01]} 6. Be2 {[%emt
0:00:01]} e5 {[%emt 0:00:01]} 7. Nb3 {[%emt 0:00:01]} Be7 {[%emt 0:00:01]} 8.
O-O {[%emt 0:00:01]} O-O {[%emt 0:00:01]} 9. f4 {[%emt 0:00:00]} b5 {[%emt 0:
00:02]} 10. Bf3 {[%emt 0:00:02]} Bb7 {[%emt 0:00:04]} 11. Qe2 {[%emt 0:00:08]}
Nbd7 {[%emt 0:00:02]} 12. Be3 {[%emt 0:00:09]} Re8 {[%emt 0:00:05]} 13. Rad1 {
[%emt 0:00:03]} Qc7 {[%emt 0:00:02] Us6 claims win on disconnect} 14. Qd2 {
[%emt 0:01:25]} Rac8 {[%emt 0:00:14]} 15. Rf2 {[%emt 0:00:25]} Nb6 {[%emt 0:00:
08]} 16. Na5 {[%emt 0:00:17]} Ba8 {[%emt 0:00:07]} 17. Nd5 {[%emt 0:00:12]}
Nbxd5 {[%emt 0:00:05]} 18. exd5 {[%emt 0:00:00]} e4 {[%emt 0:00:01]} 19. Be2 {
[%emt 0:00:08]} Nxd5 {[%emt 0:00:01]} 20. c4 {[%emt 0:00:17]} Nxe3 {[%emt 0:00:
02]} 21. Qxe3 {[%emt 0:00:01]} Qxa5 {[%emt 0:00:01] Miras ñäàåòñÿ} 0-1

[Event "Villarobledo Online Qualifyer"]
[Site "playchess.com #155672"]
[Date "2009.05.23"]
[Round "1"]
[White "jchess06"]
[Black "Unicorn"]
[Result "0-1"]
[WhiteElo "1798"]
[BlackElo "2621"]
[PlyCount "78"]
[EventDate "2009.05.23"]
[EventType "swiss (blitz)"]

1. d4 {[%emt 0:00:02]} e6 {[%emt 0:00:02]} 2. c3 {[%emt 0:00:00]} Nf6 {[%emt 0:
00:03]} 3. Nf3 {[%emt 0:00:00]} c5 {[%emt 0:00:01]} 4. Bg5 {[%emt 0:00:04]} d5
{[%emt 0:00:01]} 5. e3 {[%emt 0:00:03]} Be7 {[%emt 0:00:01]} 6. Bd3 {[%emt 0:
00:01]} O-O {[%emt 0:00:01]} 7. Nbd2 {[%emt 0:00:01]} b6 {[%emt 0:00:01]} 8.
Qe2 {[%emt 0:00:01]} Bb7 {[%emt 0:00:01]} 9. Ne5 {[%emt 0:00:01]} Nbd7 {[%emt
0:00:01]} 10. Ndf3 {[%emt 0:00:01]} Ne4 {[%emt 0:00:03]} 11. Bxe7 {[%emt 0:00:
02]} Qxe7 {[%emt 0:00:00]} 12. Nxd7 {[%emt 0:00:00]} Qxd7 {[%emt 0:00:00]} 13.
Ne5 {[%emt 0:00:00]} Qc7 {[%emt 0:00:03]} 14. Qh5 {[%emt 0:00:02]} f6 {[%emt 0:
00:11]} 15. Ng4 {[%emt 0:00:07]} c4 {[%emt 0:00:41]} 16. Bc2 {[%emt 0:00:04]}
Qf7 {[%emt 0:00:05]} 17. Qh3 {[%emt 0:00:08]} h5 {[%emt 0:00:12]} 18. f3 {
[%emt 0:00:30]} hxg4 {[%emt 0:00:02]} 19. Qxg4 {[%emt 0:00:00]} f5 {[%emt 0:00:
01]} 20. Qf4 {[%emt 0:00:03]} Nf6 {[%emt 0:00:01]} 21. h4 {[%emt 0:00:01]} Rae8
{[%emt 0:00:15]} 22. O-O-O {[%emt 0:00:13]} b5 {[%emt 0:00:13]} 23. Rdg1 {
[%emt 0:00:15]} a5 {[%emt 0:00:04]} 24. g4 {[%emt 0:00:05]} fxg4 {[%emt 0:00:
01]} 25. fxg4 {[%emt 0:00:01]} Ne4 {[%emt 0:00:01]} 26. Qh2 {[%emt 0:00:08]}
Qf2 {[%emt 0:00:09]} 27. Qxf2 {[%emt 0:00:02]} Rxf2 {[%emt 0:00:00]} 28. Bxe4 {
[%emt 0:00:04]} dxe4 {[%emt 0:00:00]} 29. Rf1 {[%emt 0:00:00]} Ref8 {[%emt 0:
00:01]} 30. Rd1 {[%emt 0:00:03]} Rg2 {[%emt 0:00:03]} 31. g5 {[%emt 0:00:02]}
Rff2 {[%emt 0:00:02]} 32. h5 {[%emt 0:00:01]} Rc2+ {[%emt 0:00:01]} 33. Kb1 {
[%emt 0:00:01]} Rxb2+ {[%emt 0:00:01]} 34. Ka1 {[%emt 0:00:00]} Rxa2+ {[%emt 0:
00:01]} 35. Kb1 {[%emt 0:00:09]} b4 {[%emt 0:00:05]} 36. h6 {[%emt 0:00:03]}
bxc3 {[%emt 0:00:03]} 37. h7+ {[%emt 0:00:04]} Kh8 {[%emt 0:00:01]} 38. Rdf1 {
[%emt 0:00:01]} Rgb2+ {[%emt 0:00:01]} 39. Kc1 {[%emt 0:00:01]} Ra1# {[%emt 0:
00:01]} 0-1

[Event "Villarobledo Online Qualifyer"]
[Site "playchess.com #155672"]
[Date "2009.05.23"]
[Round "1"]
[White "Manza"]
[Black "Ajaraisk"]
[Result "0-1"]
[WhiteElo "1552"]
[BlackElo "2168"]
[PlyCount "78"]
[EventDate "2009.05.23"]
[EventType "swiss (blitz)"]

1. e4 {[%emt 0:00:08]} d6 {[%emt 0:00:00]} 2. d4 {[%emt 0:00:02]} Nf6 {[%emt 0:
00:00]} 3. Nc3 {[%emt 0:00:02]} g6 {[%emt 0:00:00]} 4. f4 {[%emt 0:00:01]} Bg7
{[%emt 0:00:00]} 5. Nf3 {[%emt 0:00:02]} c5 {[%emt 0:00:01]} 6. Bb5+ {[%emt 0:
00:07]} Bd7 {[%emt 0:00:02]} 7. Bxd7+ {[%emt 0:00:05]} Nfxd7 {[%emt 0:00:03]}
8. d5 {[%emt 0:00:06]} O-O {[%emt 0:00:02]} 9. O-O {[%emt 0:00:08]} Na6 {[%emt
0:00:01]} 10. a3 {[%emt 0:00:03]} Nc7 {[%emt 0:00:01]} 11. Bd2 {[%emt 0:00:13]}
b5 {[%emt 0:00:02]} 12. Qe2 {[%emt 0:00:05]} Rb8 {[%emt 0:00:02]} 13. Na2 {
[%emt 0:00:07]} Bxb2 {[%emt 0:00:03]} 14. Rab1 {[%emt 0:00:01]} Bg7 {[%emt 0:
00:19]} 15. Ba5 {[%emt 0:00:02]} a6 {[%emt 0:00:03]} 16. Bxc7 {[%emt 0:00:12]}
Qxc7 {[%emt 0:00:01]} 17. e5 {[%emt 0:00:01]} dxe5 {[%emt 0:00:03]} 18. Nxe5 {
[%emt 0:00:09]} Nxe5 {[%emt 0:00:01]} 19. fxe5 {[%emt 0:00:01]} Qxe5 {[%emt 0:
00:00]} 20. Qxe5 {[%emt 0:00:10]} Bxe5 {[%emt 0:00:02]} 21. Rbe1 {[%emt 0:00:
06]} f6 {[%emt 0:00:01]} 22. Nc1 {[%emt 0:00:10]} Rfd8 {[%emt 0:00:04]} 23. Rd1
{[%emt 0:00:06]} c4 {[%emt 0:00:02]} 24. Ne2 {[%emt 0:00:13]} a5 {[%emt 0:00:
03]} 25. c3 {[%emt 0:00:03]} b4 {[%emt 0:00:02]} 26. cxb4 {[%emt 0:00:01]} axb4
{[%emt 0:00:00]} 27. axb4 {[%emt 0:00:01]} Rxb4 {[%emt 0:00:00]} 28. Rf3 {
[%emt 0:00:14]} Rb3 {[%emt 0:00:04]} 29. Rxb3 {[%emt 0:00:04]} cxb3 {[%emt 0:
00:01]} 30. Rb1 {[%emt 0:00:17]} b2 {[%emt 0:00:01]} 31. Rd1 {[%emt 0:00:08]}
Rxd5 {[%emt 0:00:02]} 32. Rxd5 {[%emt 0:00:02]} b1=Q+ {[%emt 0:00:01]} 33. Kf2
{[%emt 0:00:01]} Qe4 {[%emt 0:00:04]} 34. Rd8+ {[%emt 0:00:05]} Kf7 {[%emt 0:
00:01]} 35. Rh8 {[%emt 0:00:05]} h5 {[%emt 0:00:02]} 36. h3 {[%emt 0:00:03]}
Bd4+ {[%emt 0:00:03]} 37. Kg3 {[%emt 0:00:04]} Qxe2 {[%emt 0:00:03]} 38. Rd8 {
[%emt 0:00:03]} Be5+ {[%emt 0:00:01]} 39. Kh4 {[%emt 0:00:03]} g5# {[%emt 0:00:
02]} 0-1

[Event "Villarobledo Online Qualifyer"]
[Site "playchess.com #155672"]
[Date "2009.05.23"]
[Round "1"]
[White "Darkmatter"]
[Black "Sophie_Neveu"]
[Result "0-1"]
[WhiteElo "1315"]
[BlackElo "2078"]
[PlyCount "40"]
[EventDate "2009.05.23"]
[EventType "swiss (blitz)"]

1. e4 {[%emt 0:00:01]} c5 {[%emt 0:00:01]} 2. Nf3 {[%emt 0:00:01]} d6 {[%emt 0:
00:04]} 3. d4 {[%emt 0:00:01]} cxd4 {[%emt 0:00:01]} 4. Nxd4 {[%emt 0:00:02]}
Nf6 {[%emt 0:00:01]} 5. Nc3 {[%emt 0:00:02]} g6 {[%emt 0:00:01]} 6. Bg5 {[%emt
0:00:02]} Bg7 {[%emt 0:00:01]} 7. f4 {[%emt 0:00:01]} Qa5 {[%emt 0:00:05]} 8.
Qd3 {[%emt 0:00:04]} Nc6 {[%emt 0:00:01]} 9. Be2 {[%emt 0:00:11]} O-O {[%emt 0:
00:04]} 10. O-O {[%emt 0:00:01]} Qc5 {[%emt 0:00:21]} 11. Ncb5 {[%emt 0:00:40]}
a6 {[%emt 0:00:08]} 12. b4 {[%emt 0:00:31]} Nxb4 {[%emt 0:00:17]} 13. Qe3 {
[%emt 0:00:57]} axb5 {[%emt 0:00:10]} 14. a3 {[%emt 0:00:02]} Nc6 {[%emt 0:00:
02]} 15. c3 {[%emt 0:00:05]} Rxa3 {[%emt 0:00:35]} 16. Rxa3 {[%emt 0:00:16]}
Qxa3 {[%emt 0:00:01]} 17. Nxc6 {[%emt 0:00:01]} bxc6 {[%emt 0:00:03]} 18. e5 {
[%emt 0:00:06]} Nd5 {[%emt 0:00:03]} 19. Qd4 {[%emt 0:00:04]} Nxc3 {[%emt 0:00:
12]} 20. Rf3 {[%emt 0:00:03]} Nxe2+ {[%emt 0:00:01] Darkmatter rinde} 0-1

[Event "Villarobledo Online Qualifyer"]
[Site "playchess.com #155672"]
[Date "2009.05.23"]
[Round "1"]
[White "Slavmonster"]
[Black "Marx"]
[Result "1-0"]
[WhiteElo "2070"]
[BlackElo "1310"]
[PlyCount "43"]
[EventDate "2009.05.23"]
[EventType "swiss (blitz)"]

1. e4 {[%emt 0:00:00]} c5 {[%emt 0:00:02]} 2. Nf3 {[%emt 0:00:01]} Nc6 {[%emt
0:00:01]} 3. d4 {[%emt 0:00:01]} cxd4 {[%emt 0:00:01]} 4. Nxd4 {[%emt 0:00:00]}
Nf6 {[%emt 0:00:00]} 5. Nc3 {[%emt 0:00:00]} e6 {[%emt 0:00:02]} 6. Ndb5 {
[%emt 0:00:01]} Bb4 {[%emt 0:00:11]} 7. a3 {[%emt 0:00:01]} Bxc3+ {[%emt 0:00:
01]} 8. Nxc3 {[%emt 0:00:00]} O-O {[%emt 0:00:02]} 9. Bd3 {[%emt 0:00:12]} d5 {
[%emt 0:00:01]} 10. O-O {[%emt 0:00:01]} d4 {[%emt 0:00:09]} 11. Ne2 {[%emt 0:
00:01]} e5 {[%emt 0:00:02]} 12. h3 {[%emt 0:00:05]} h6 {[%emt 0:00:20]} 13. Ng3
{[%emt 0:00:08]} Ne7 {[%emt 0:00:17]} 14. Qf3 {[%emt 0:00:47]} Nh7 {[%emt 0:00:
18]} 15. Bd2 {[%emt 0:00:12]} Ng6 {[%emt 0:00:23]} 16. Nf5 {[%emt 0:00:13]}
Bxf5 {[%emt 0:00:18]} 17. exf5 {[%emt 0:00:07]} Nh4 {[%emt 0:00:13]} 18. Qe4 {
[%emt 0:00:18]} Nf6 {[%emt 0:00:07]} 19. Qxh4 {[%emt 0:00:02]} Re8 {[%emt 0:00:
05]} 20. Bb5 {[%emt 0:00:20]} Re7 {[%emt 0:00:09]} 21. Bxh6 {[%emt 0:00:07]}
Rc7 {[%emt 0:00:10]} 22. Qg5 {[%emt 0:00:08] Marx resigns} 1-0

[Event "Villarobledo Online Qualifyer"]
[Site "playchess.com #155672"]
[Date "2009.05.23"]
[Round "1"]
[White "Hauberk"]
[Black "Altruder"]
[Result "1-0"]
[WhiteElo "2402"]
[BlackElo "1669"]
[PlyCount "63"]
[EventDate "2009.05.23"]
[EventType "swiss (blitz)"]

1. e4 {[%emt 0:00:01]} c6 {[%emt 0:00:01]} 2. c4 {[%emt 0:00:02]} d5 {[%emt 0:
00:02]} 3. e5 {[%emt 0:00:01]} Bf5 {[%emt 0:00:06]} 4. Nf3 {[%emt 0:00:05]} e6
{[%emt 0:00:02]} 5. cxd5 {[%emt 0:00:04]} cxd5 {[%emt 0:00:02]} 6. Nd4 {[%emt
0:00:01]} Bg6 {[%emt 0:00:02]} 7. h4 {[%emt 0:00:02]} h6 {[%emt 0:00:01]} 8.
Bb5+ {[%emt 0:00:09]} Nd7 {[%emt 0:00:01]} 9. h5 {[%emt 0:00:07]} Bh7 {[%emt 0:
00:02]} 10. Nc3 {[%emt 0:00:23]} a6 {[%emt 0:00:01]} 11. Be2 {[%emt 0:00:02]}
Ne7 {[%emt 0:00:04]} 12. d3 {[%emt 0:00:05]} Nxe5 {[%emt 0:00:02]} 13. O-O {
[%emt 0:00:03]} N7c6 {[%emt 0:00:01]} 14. Be3 {[%emt 0:00:03]} Be7 {[%emt 0:00:
02]} 15. f4 {[%emt 0:00:03]} Nd7 {[%emt 0:00:09]} 16. f5 {[%emt 0:00:10]} e5 {
[%emt 0:00:05]} 17. Nxc6 {[%emt 0:00:09]} bxc6 {[%emt 0:00:02]} 18. d4 {[%emt
0:00:01]} e4 {[%emt 0:00:02]} 19. Rc1 {[%emt 0:00:14]} O-O {[%emt 0:00:02]} 20.
Na4 {[%emt 0:00:02]} Qc7 {[%emt 0:00:31]} 21. Bf4 {[%emt 0:00:09]} Bd6 {[%emt
0:00:02]} 22. Qd2 {[%emt 0:00:07]} Bxf4 {[%emt 0:00:05]} 23. Rxf4 {[%emt 0:00:
02]} Rfc8 {[%emt 0:00:15]} 24. b4 {[%emt 0:00:05]} Nb6 {[%emt 0:00:05]} 25. Nc5
{[%emt 0:00:05]} Re8 {[%emt 0:00:15]} 26. Qe3 {[%emt 0:00:07]} a5 {[%emt 0:00:
09]} 27. b5 {[%emt 0:00:03]} cxb5 {[%emt 0:00:09]} 28. Bxb5 {[%emt 0:00:03]}
Rec8 {[%emt 0:00:04]} 29. f6 {[%emt 0:00:11]} g6 {[%emt 0:00:04]} 30. hxg6 {
[%emt 0:00:03]} Bxg6 {[%emt 0:00:01]} 31. Rh4 {[%emt 0:00:01]} h5 {[%emt 0:00:
03]} 32. Qh6 {[%emt 0:00:02] Altruder Terk} 1-0

[Event "Villarobledo Online Qualifyer"]
[Site "playchess.com #155672"]
[Date "2009.05.23"]
[Round "1"]
[White "Daky Fighter"]
[Black "Tactical_genius"]
[Result "0-1"]
[WhiteElo "1702"]
[BlackElo "2510"]
[PlyCount "56"]
[EventDate "2009.05.23"]
[EventType "swiss (blitz)"]

1. d4 {[%emt 0:00:01]} Nf6 {[%emt 0:00:01]} 2. g3 {[%emt 0:00:02]} d5 {[%emt 0:
00:13]} 3. Bg2 {[%emt 0:00:02]} e6 {[%emt 0:00:02]} 4. Bg5 {[%emt 0:00:08]} c5
{[%emt 0:00:04]} 5. c3 {[%emt 0:00:04]} Qb6 {[%emt 0:00:03]} 6. Qb3 {[%emt 0:
00:12]} Qxb3 {[%emt 0:00:10]} 7. axb3 {[%emt 0:00:01]} Ne4 {[%emt 0:00:00]} 8.
Bxe4 {[%emt 0:00:03]} dxe4 {[%emt 0:00:00]} 9. Be3 {[%emt 0:00:18]} cxd4 {
[%emt 0:00:09]} 10. Bxd4 {[%emt 0:00:01]} Nc6 {[%emt 0:00:11]} 11. Nd2 {[%emt
0:00:30]} Nxd4 {[%emt 0:00:11]} 12. cxd4 {[%emt 0:00:01]} Bb4 {[%emt 0:00:03]}
13. e3 {[%emt 0:00:08]} b6 {[%emt 0:00:04]} 14. Ke2 {[%emt 0:00:02]} a5 {[%emt
0:00:07]} 15. Nc4 {[%emt 0:00:13]} b5 {[%emt 0:00:16]} 16. Ne5 {[%emt 0:00:41]}
Ba6 {[%emt 0:00:04]} 17. Nc6 {[%emt 0:00:55]} Kd7 {[%emt 0:00:05]} 18. Nxb4 {
[%emt 0:00:03]} axb4 {[%emt 0:00:00]} 19. Nh3 {[%emt 0:00:04]} Bb7 {[%emt 0:00:
04]} 20. Rhc1 {[%emt 0:00:02]} h6 {[%emt 0:00:07]} 21. Kd2 {[%emt 0:00:02]} g5
{[%emt 0:00:04]} 22. Ng1 {[%emt 0:00:01]} Bd5 {[%emt 0:00:05]} 23. Rxa8 {[%emt
0:00:04]} Rxa8 {[%emt 0:00:02]} 24. Ne2 {[%emt 0:00:02]} Bxb3 {[%emt 0:00:05]}
25. Rb1 {[%emt 0:00:05]} Bc4 {[%emt 0:00:05]} 26. b3 {[%emt 0:00:03]} Ra2+ {
[%emt 0:00:04]} 27. Ke1 {[%emt 0:00:03]} Rxe2+ {[%emt 0:00:02]} 28. Kd1 {[%emt
0:00:04]} Bd3 {[%emt 0:00:12] ' Time} 0-1

[Event "Villarobledo Online Qualifyer"]
[Site "playchess.com #155672"]
[Date "2009.05.23"]
[Round "1"]
[White "Holzmichl junior"]
[Black "Direchess"]
[Result "0-1"]
[WhiteElo "1217"]
[BlackElo "2054"]
[PlyCount "104"]
[EventDate "2009.05.23"]
[EventType "swiss (blitz)"]

1. e3 {[%emt 0:00:02]} e5 {[%emt 0:00:03]} 2. Nf3 {[%emt 0:00:00]} Nc6 {[%emt
0:00:03]} 3. d3 {[%emt 0:00:01]} d5 {[%emt 0:00:06]} 4. e4 {[%emt 0:00:04]} Nf6
{[%emt 0:00:06]} 5. exd5 {[%emt 0:00:01]} Nxd5 {[%emt 0:00:02] Holzmichl
junior bietet Remis} 6. Bd2 {[%emt 0:00:02]} Bc5 {[%emt 0:00:04]} 7. Be2 {
[%emt 0:00:01]} O-O {[%emt 0:00:01]} 8. Nc3 {[%emt 0:00:02]} Bg4 {[%emt 0:00:
12]} 9. Nxd5 {[%emt 0:00:02]} Qxd5 {[%emt 0:00:01]} 10. c4 {[%emt 0:00:02]} Qd7
{[%emt 0:00:04]} 11. h3 {[%emt 0:00:02]} Bf5 {[%emt 0:00:07]} 12. O-O {[%emt 0:
00:02]} Rad8 {[%emt 0:00:04]} 13. Ne1 {[%emt 0:00:07]} Nd4 {[%emt 0:00:09]} 14.
Bg4 {[%emt 0:00:09]} Rfe8 {[%emt 0:00:14]} 15. Bxf5 {[%emt 0:00:02]} Qxf5 {
[%emt 0:00:01]} 16. Nf3 {[%emt 0:00:03]} Qxd3 {[%emt 0:00:08]} 17. Bc3 {[%emt
0:00:19]} Qxc4 {[%emt 0:00:06]} 18. Nxd4 {[%emt 0:00:02]} exd4 {[%emt 0:00:05]}
19. Bd2 {[%emt 0:00:05]} d3 {[%emt 0:00:03]} 20. b3 {[%emt 0:00:01]} Qh4 {
[%emt 0:00:08]} 21. Qc1 {[%emt 0:00:10]} Bb6 {[%emt 0:00:03]} 22. Bg5 {[%emt 0:
00:04]} d2 {[%emt 0:00:27]} 23. Bxd2 {[%emt 0:00:13]} Rd5 {[%emt 0:00:19]} 24.
Bg5 {[%emt 0:00:08]} Qxg5 {[%emt 0:00:05]} 25. Qxg5 {[%emt 0:00:06]} Rxg5 {
[%emt 0:00:00]} 26. h4 {[%emt 0:00:01]} Rg4 {[%emt 0:00:04]} 27. g3 {[%emt 0:
00:01]} Rxg3+ {[%emt 0:00:05]} 28. Kh1 {[%emt 0:00:04]} Rh3+ {[%emt 0:00:02]}
29. Kg2 {[%emt 0:00:01]} Rxh4 {[%emt 0:00:01]} 30. Kg3 {[%emt 0:00:02]} Rh6 {
[%emt 0:00:02]} 31. Rfd1 {[%emt 0:00:01]} Rf6 {[%emt 0:00:06]} 32. Re1 {[%emt
0:00:03]} Bxf2+ {[%emt 0:00:04]} 33. Kg2 {[%emt 0:00:03]} Bxe1 {[%emt 0:00:01]}
34. Rd1 {[%emt 0:00:01]} Ba5 {[%emt 0:00:05]} 35. Kg3 {[%emt 0:00:01]} h5 {
[%emt 0:00:05]} 36. Kh4 {[%emt 0:00:01]} g6 {[%emt 0:00:01]} 37. Kg5 {[%emt 0:
00:01]} Kg7 {[%emt 0:00:01]} 38. Rd7 {[%emt 0:00:04]} Re5+ {[%emt 0:00:04]} 39.
Kh4 {[%emt 0:00:03]} Rf4+ {[%emt 0:00:02]} 40. Kg3 {[%emt 0:00:01]} Rg4+ {
[%emt 0:00:03]} 41. Kf3 {[%emt 0:00:02]} Rf5+ {[%emt 0:00:02]} 42. Ke3 {[%emt
0:00:02]} Rg1 {[%emt 0:00:03]} 43. Ke4 {[%emt 0:00:02]} Re1+ {[%emt 0:00:02]}
44. Kd3 {[%emt 0:00:01]} Rd1+ {[%emt 0:00:01]} 45. Ke2 {[%emt 0:00:01]} Rxd7 {
[%emt 0:00:00]} 46. Ke3 {[%emt 0:00:03]} Re5+ {[%emt 0:00:03]} 47. Kf4 {[%emt
0:00:01]} Kf6 {[%emt 0:00:01]} 48. Kf3 {[%emt 0:00:02]} Rd4 {[%emt 0:00:01]}
49. Kf2 {[%emt 0:00:02]} h4 {[%emt 0:00:01]} 50. Kg2 {[%emt 0:00:01]} Re3 {
[%emt 0:00:03]} 51. Kh2 {[%emt 0:00:01]} Rd2+ {[%emt 0:00:01]} 52. Kg1 {[%emt
0:00:03]} Re1# {[%emt 0:00:00]} 0-1

[Event "Villarobledo Online Qualifyer"]
[Site "playchess.com #155672"]
[Date "2009.05.23"]
[Round "1"]
[White "Secondwind"]
[Black "Torre repetto 2"]
[Result "1-0"]
[WhiteElo "2328"]
[BlackElo "1644"]
[PlyCount "85"]
[EventDate "2009.05.23"]
[EventType "swiss (blitz)"]

1. c4 {[%emt 0:00:02]} d6 {[%emt 0:00:03]} 2. Nc3 {[%emt 0:00:01]} g6 {[%emt 0:
00:03]} 3. g3 {[%emt 0:00:01]} Bg7 {[%emt 0:00:01]} 4. Bg2 {[%emt 0:00:00]} Nf6
{[%emt 0:00:02]} 5. Nf3 {[%emt 0:00:01]} O-O {[%emt 0:00:01]} 6. O-O {[%emt 0:
00:00]} c5 {[%emt 0:00:11]} 7. d4 {[%emt 0:00:03]} a6 {[%emt 0:00:11]} 8. h3 {
[%emt 0:00:27]} e6 {[%emt 0:00:23]} 9. e4 {[%emt 0:00:06]} cxd4 {[%emt 0:00:05]
} 10. Nxd4 {[%emt 0:00:02]} Nc6 {[%emt 0:00:01]} 11. Be3 {[%emt 0:00:02]} e5 {
[%emt 0:00:02]} 12. Nde2 {[%emt 0:00:03]} Be6 {[%emt 0:00:03]} 13. b3 {[%emt 0:
00:01]} Qe7 {[%emt 0:00:04]} 14. Qd2 {[%emt 0:00:08]} Rad8 {[%emt 0:00:01]} 15.
Rad1 {[%emt 0:00:01]} Rd7 {[%emt 0:00:01]} 16. f4 {[%emt 0:00:04]} exf4 {[%emt
0:00:11]} 17. gxf4 {[%emt 0:00:01]} Rdd8 {[%emt 0:00:10]} 18. Bb6 {[%emt 0:00:
09]} Nh5 {[%emt 0:00:19]} 19. Bxd8 {[%emt 0:00:05]} Rxd8 {[%emt 0:00:02]} 20.
f5 {[%emt 0:00:02]} Bc8 {[%emt 0:00:19]} 21. Nd5 {[%emt 0:00:02]} Qf8 {[%emt 0:
00:18]} 22. f6 {[%emt 0:00:09]} Bh6 {[%emt 0:00:02]} 23. Qc3 {[%emt 0:00:02]}
Be6 {[%emt 0:00:03]} 24. Nd4 {[%emt 0:00:15]} Bxd5 {[%emt 0:00:12]} 25. exd5 {
[%emt 0:00:03]} Ne5 {[%emt 0:00:01]} 26. Nf3 {[%emt 0:00:01]} Ng3 {[%emt 0:00:
11]} 27. Rfe1 {[%emt 0:00:05]} Re8 {[%emt 0:00:09]} 28. Nxe5 {[%emt 0:00:02]}
dxe5 {[%emt 0:00:09]} 29. Qxg3 {[%emt 0:00:02]} Qd6 {[%emt 0:00:03]} 30. Rf1 {
[%emt 0:00:06]} Bf4 {[%emt 0:00:03]} 31. Qf3 {[%emt 0:00:03]} Qc5+ {[%emt 0:00:
02]} 32. Kh1 {[%emt 0:00:02]} Qd6 {[%emt 0:00:02]} 33. Qe4 {[%emt 0:00:01]}
Qxf6 {[%emt 0:00:05]} 34. d6 {[%emt 0:00:02]} Qg5 {[%emt 0:00:06]} 35. Rxf4 {
[%emt 0:00:06]} Qxf4 {[%emt 0:00:02]} 36. Qxf4 {[%emt 0:00:01]} exf4 {[%emt 0:
00:01]} 37. d7 {[%emt 0:00:01]} Rd8 {[%emt 0:00:01]} 38. Bxb7 {[%emt 0:00:00]}
a5 {[%emt 0:00:02]} 39. c5 {[%emt 0:00:01]} Kf8 {[%emt 0:00:01]} 40. c6 {[%emt
0:00:01]} Ke7 {[%emt 0:00:01]} 41. c7 {[%emt 0:00:01]} Rxd7 {[%emt 0:00:03]}
42. Rxd7+ {[%emt 0:00:01]} Kxd7 {[%emt 0:00:01]} 43. c8=Q+ {[%emt 0:00:02]
Torre repetto 2 rinde} 1-0

[Event "Villarobledo Online Qualifyer"]
[Site "playchess.com #155672"]
[Date "2009.05.23"]
[Round "1"]
[White "DHCA"]
[Black "Promotionfou"]
[Result "0-1"]
[WhiteElo "1472"]
[BlackElo "2127"]
[PlyCount "100"]
[EventDate "2009.05.23"]
[EventType "swiss (blitz)"]

1. e4 {[%emt 0:00:01]} Nf6 {[%emt 0:00:06]} 2. e5 {[%emt 0:00:01]} Nd5 {[%emt
0:00:05]} 3. d4 {[%emt 0:00:01]} Nb6 {[%emt 0:00:01]} 4. Nf3 {[%emt 0:00:01]}
d6 {[%emt 0:00:01]} 5. exd6 {[%emt 0:00:02]} cxd6 {[%emt 0:00:01]} 6. Bd3 {
[%emt 0:00:00]} g6 {[%emt 0:00:01]} 7. O-O {[%emt 0:00:01]} Bg7 {[%emt 0:00:01]
} 8. c3 {[%emt 0:00:01]} O-O {[%emt 0:00:01]} 9. Be3 {[%emt 0:00:01]} e5 {
[%emt 0:00:02]} 10. dxe5 {[%emt 0:00:02]} dxe5 {[%emt 0:00:01]} 11. Be4 {[%emt
0:00:02]} f5 {[%emt 0:00:06]} 12. Qxd8 {[%emt 0:00:01]} Rxd8 {[%emt 0:00:01]}
13. Bc2 {[%emt 0:00:01]} Nc6 {[%emt 0:00:02]} 14. Na3 {[%emt 0:00:04]} e4 {
[%emt 0:00:10]} 15. Bb3+ {[%emt 0:00:11]} Kh8 {[%emt 0:00:55]} 16. Nd2 {[%emt
0:00:02]} Nd5 {[%emt 0:00:16]} 17. Ndc4 {[%emt 0:00:05]} Be6 {[%emt 0:00:13]}
18. Rfd1 {[%emt 0:00:10]} Nxe3 {[%emt 0:00:01]} 19. Nxe3 {[%emt 0:00:05]} Bxb3
{[%emt 0:00:01]} 20. axb3 {[%emt 0:00:02]} Kg8 {[%emt 0:00:01]} 21. Nac4 {
[%emt 0:00:02]} Bf8 {[%emt 0:00:09]} 22. Nd5 {[%emt 0:00:14]} Kf7 {[%emt 0:00:
07]} 23. Nde3 {[%emt 0:00:08]} Ke6 {[%emt 0:00:05]} 24. h3 {[%emt 0:00:06]}
Rxd1+ {[%emt 0:00:05]} 25. Rxd1 {[%emt 0:00:02]} Rd8 {[%emt 0:00:00]} 26. Rxd8
{[%emt 0:00:04]} Nxd8 {[%emt 0:00:00]} 27. Nc2 {[%emt 0:00:03]} Bg7 {[%emt 0:
00:05]} 28. Nb4 {[%emt 0:00:06]} Bh6 {[%emt 0:00:05]} 29. Kf1 {[%emt 0:00:06]}
Bc1 {[%emt 0:00:01]} 30. Na2 {[%emt 0:00:05]} Bh6 {[%emt 0:00:04]} 31. b4 {
[%emt 0:00:05]} Kd5 {[%emt 0:00:06]} 32. Na5 {[%emt 0:00:01]} b6 {[%emt 0:00:
03]} 33. Nb3 {[%emt 0:00:06]} Kc4 {[%emt 0:00:04]} 34. Nac1 {[%emt 0:00:01]}
Ne6 {[%emt 0:00:07]} 35. Ke2 {[%emt 0:00:02]} Nf4+ {[%emt 0:00:01]} 36. Kf1 {
[%emt 0:00:02]} Nd3 {[%emt 0:00:06]} 37. Nxd3 {[%emt 0:00:03]} Kxb3 {[%emt 0:
00:06]} 38. Ne5 {[%emt 0:00:10]} Kxb2 {[%emt 0:00:01]} 39. Nc6 {[%emt 0:00:01]}
Kxc3 {[%emt 0:00:02]} 40. Nxa7 {[%emt 0:00:01]} Kxb4 {[%emt 0:00:01]} 41. Nc8 {
[%emt 0:00:01]} Kc5 {[%emt 0:00:01]} 42. Ne7 {[%emt 0:00:02]} b5 {[%emt 0:00:
03]} 43. Ng8 {[%emt 0:00:03]} Bg7 {[%emt 0:00:02]} 44. Ne7 {[%emt 0:00:03]} b4
{[%emt 0:00:01]} 45. Ke2 {[%emt 0:00:01]} Kc4 {[%emt 0:00:03]} 46. Kd2 {[%emt
0:00:01]} Bd4 {[%emt 0:00:04]} 47. f3 {[%emt 0:00:02]} e3+ {[%emt 0:00:01]} 48.
Ke2 {[%emt 0:00:01]} b3 {[%emt 0:00:01]} 49. Nc6 {[%emt 0:00:04]} b2 {[%emt 0:
00:01]} 50. Na5+ {[%emt 0:00:02]} Kc3 {[%emt 0:00:02] DHCA rinde} 0-1